000 00466nam a2200181Ia 4500
001 18510
005 20260306171636.0
008 260306s9999||||xx |||||||||||||| ||und||
041 _aESP
082 _a658.406
_bR76 2000
100 _aRodríguez Valencia, Joaquín
_eAUT
245 0 _aEstudio de sistemas y procedimientos administrativos
260 _c2000
300 _a274 páginas :
_c22 cm.
650 _aGEN
654 _aCAN
942 _cLIB
_dJUS
_fJUS
_2ddc
_n
999 _c18510
_d18510